| 000 | 00374nam a2200157Ia 4500 | ||
|---|---|---|---|
| 008 | 210716s2007 xx 000 0 und d | ||
| 020 | _a8126504978 | ||
| 041 | _aeng | ||
| 082 | _a004.6X HARE | ||
| 100 | _aHarold, Elliotte Rusty. | ||
| 245 | _aXml 1.1 bible. | ||
| 250 | _a3 | ||
| 260 |
_aNew Delhi _bWiley India Pvt Ltd _c2007 |
||
| 300 | _axxiv,1022 | ||
| 650 | _aNone | ||
| 999 |
_c188538 _d188538 |
||